000 00511 a2200181 4500
003 OSt
005 20231214105111.0
008 231213b |||||||| |||| 00| 0 eng d
020 _a9789389869262
040 _coclc
082 _a894.8129
_bWOL/A
100 _aWolf, Virginia
_96085
245 _aApoorna Vishadangal /
_cVirginia Wolf
250 _a2nd ed.
260 _aKozhikode:
_bMathrubhumi Books,
_c2020.
300 _a312p.
942 _2ddc
_cBK
_h894.8129
_iWOL/A
_k894.8129
_mWOL/A
999 _c44111
_d44111